Šest kontinentů - Příběhy z cest
Saved in:
| Main Author | |
|---|---|
| Format | Electronic eBook |
| Language | Czech |
| Published |
Jota
2005
|
| Edition | 1. elektronické vydání |
| Subjects | |
| Online Access | Dostupné v BOOKPORT po přihlášení pomocí eduID |
| ISBN | 978-80-7462-132-1 978-80-7217-232-0 |
| Physical Description | 1 online zdroj (172 stran) |
| LEADER | 00000nam a2200000 i 4500 | ||
|---|---|---|---|
| 001 | bkp253756399 | ||
| 003 | CZ-prgp | ||
| 005 | 20170915163546.0 | ||
| 006 | m o d | ||
| 007 | cr cn | ||
| 008 | 170915s2005 xr o 000 1 cze | ||
| 020 | |a 978-80-7462-132-1 |c 278 Kč |q (online ; epub) | ||
| 020 | |a 978-80-7217-232-0 |c 381 Kč |q (print) | ||
| 040 | |a Grada |b cze |e rda | ||
| 100 | 1 | |a Kolbaba, Jiří | |
| 245 | 1 | 0 | |a Šest kontinentů - Příběhy z cest |c Jiří Kolbaba |
| 250 | |a 1. elektronické vydání | ||
| 264 | 1 | |b Jota |c 2005 | |
| 300 | |a 1 online zdroj (172 stran) | ||
| 336 | |a text |b txt |2 rdacontent | ||
| 337 | |a počítač |b c |2 rdamedia | ||
| 338 | |a online zdroj |b cr |2 rdacarrier | ||
| 520 | 3 | |a Je mnoho způsobů, jak využít všeobecnou svobodu. Cestovatel a fotograf Jiří Kolbaba si intenzivně plní své klukovské sny. Náruživě cestuje a sbírá po celém světě informace, obrázky exotické přírody a lidských tváří. Poté, co navštívil okolo sta zemí všech šesti kontinentů planety, připravuje četné fotovýstavy, besedy a diashow. Po reakcích svých posluchačů a milovníků cestování vznikla tato kniha téměř na "společenskou objednávku". Několik desítek příběhů a postřehů tohoto známého dobrodruha nás zavede doslova do celého světa. Všechny kapitoly jsou doplněny barevnými fotografiemi. | |
| 650 | 0 | 4 | |a Memoáry, osobnosti a osudy |
| 856 | 4 | 0 | |u https://www.bookport.cz/AccountSaml/SignIn/?idp=https://shibboleth.utb.cz/idp/shibboleth&returnUrl=/kniha/sest-kontinentu-pribehy-z-cest-3790/ |y Dostupné v BOOKPORT po přihlášení pomocí eduID |